=LDR 00000nam 2200000 4500 =001 INLIS000000000063711 =005 20240703014847 =035 ##$$a 0010-0724000008 =007 ta =008 240703################g##########0#ind## =020 ##$$a 978-979-17990-7-2 =082 ##$$a 899.2213 =084 ##$$a 899.2213 zuk g =245 1#$$a Galau Pasti Berlalu /$c Zukril Yu;Penyunting,Liana Threestayanti =250 ##$$a cet. 1 =300 ##$$a viii,162 halaman ; $c 13 x19 cm =650 #4$$a Fiksi Indonesia =700 #$$a Liana Threestayanti (Penyunting) =264 ##$$a Tanggerang :$b Boom,$c 2015 =336 ##$$a Teks$2 rdacontent =337 ##$$a Tanpa Perantara$2 rdamedia =338 ##$$a Volume$2 rdacarrier =990 ##$$a 33693369 =990 ##$$a 12441244